Thơ văn Nguyễn ái Quốc - Hồ Chí Minh trong tư liệu nghiên cứu phê bình (Tình hình tư liệu, hướng tiếp cận, những vấn đề)

में बचाया:
ग्रंथसूची विवरण
मुख्य लेखक: Nguyễn Xuân Lan
स्वरूप: पुस्तक
भाषा:Undetermined
प्रकाशित: Hà Nội ĐH Quốc Gia 1997
विषय:
टैग : टैग जोड़ें
कोई टैग नहीं, इस रिकॉर्ड को टैग करने वाले पहले व्यक्ति बनें!
Thư viện lưu trữ: Trung tâm Học liệu Trường Đại học Cần Thơ
LEADER 00710nam a2200193Ia 4500
001 CTU_29718
008 210402s9999 xx 000 0 und d
020 |b 17.700đ 
082 |a 809 
082 |b L105 
100 |a Nguyễn Xuân Lan 
245 0 |a Thơ văn Nguyễn ái Quốc - Hồ Chí Minh trong tư liệu nghiên cứu phê bình (Tình hình tư liệu, hướng tiếp cận, những vấn đề) 
245 0 |c Nguyễn Xuân Lan 
260 |a Hà Nội 
260 |b ĐH Quốc Gia 
260 |c 1997 
650 |a vietnamese literature - history and criticism 
904 |i Minh, 990420 
980 |a Trung tâm Học liệu Trường Đại học Cần Thơ